| 000 | 01510nam a2200325 a 4500 | ||
|---|---|---|---|
| 001 | BRCA_4954 | ||
| 005 | 20190320204857.0 | ||
| 008 | 221010m1815----sp-#######---#000-0#spa-# | ||
| 041 | _aspa | ||
| 044 | _amx | ||
| 084 |
_aDOC47 _b.D63 _c1815 |
||
| 245 | 1 | 0 |
_aDocumento firmado por el Rey [Fernando VII]. _cFernando VII ; Félix María Calleja del Rey. |
| 260 |
_aMadrid _c1815 |
||
| 300 |
_a[2] fojas _c30 x 21 cm. |
||
| 500 | _aDocumento firmado en Madrid el 7 de julio de 1815. | ||
| 500 | _aEl documento fue recibido el 10 de abril de 1816 y firmado por el Virrey Félix María Calleja del Rey. | ||
| 500 | _aDocumento en el cual el Rey [Fernando VII] le concede el grado de Teniente a Don Blas Magaña Alférez agregado al Regimiento de Dragones Provinciales de Puebla. | ||
| 500 | _a[Real Cédula] Firmada como ´Yo el Rey´. | ||
| 500 | _aEl documento contiene la leyenda DOC. #57. | ||
| 500 | _aEstado de conservación: márgenes con dobleces. | ||
| 506 | 0 | _aFondo Reservado. Para su consulta es necesario credencial de usuario y carta de motivos. | |
| 546 | _aTexto en : español de principios del siglo XIX. | ||
| 600 | 1 | 4 |
_aFernando _bVII, _cRey de España, _d1784-1833 _xHistoria _912601 |
| 650 | 1 | 4 |
_aDocumentos legales _vHistoria _yCasa de Borbón, 1700 _zEspaña _912602 |
| 651 | 4 |
_aMéxico _xManuscrito. _yGuerra de Independencia, 1810-1821 _912603 |
|
| 700 | 1 |
_aCalleja el Rey, Félix María _d1753-1878 _912604 |
|
| 700 | 1 |
_aMagaña, Blas _912605 |
|
| 902 | _aFDH | ||
| 942 |
_2lcc _cD |
||
| 999 |
_c4648 _d4648 |
||